[Event "British Universities-ch"]
[Site "Chess.com INT"]
[Date "2022.03.05"]
[Round "2.4"]
[White "Haddad, Karim"]
[Black "Spellward, Kieran"]
[Result "1/2-1/2"]
[WhiteElo "1286"]
[BlackElo "1324"]
[PlyCount "114"]
[EventDate "2022.03.05"]
[EventType "swiss"]
[EventRounds "9"]
[EventCountry "ENG"]
[SourceTitle "EXT 2023"]
[Source "ChessBase"]
[SourceDate "2022.10.05"]
[SourceVersion "1"]
[SourceVersionDate "2022.10.05"]
[SourceQuality "1"]
[WhiteTeam "Heriot Watt"]
[BlackTeam "Warwick (Knights) VII"]
[WhiteTeamCountry "SCO"]
[BlackTeamCountry "ENG"]

1. d4 Nf6 2. c4 d6 3. Nc3 g6 4. g3 Bg7 5. Bg2 0-0 6. Nf3 b6 7. Ng5 c6 8. Qa4 Bb7 9. Bf4 d5 10. e3 a6 11. Qb3 b5 12. c5 a5 13. h4 a4 14. Qc2 Bc8 15. Bf3 Bg4 16. Bxg4 Nxg4 17. h5 e5 18. hxg6 fxg6 19. Ne6 Qe7 20. Nxf8 Qxf8 21. Bxe5 Bxe5 22. dxe5 Nxe5 23. 0-0-0 Nc4 24. a3 Qxc5 25. Ne2 b4 26. Rh4 Nd7 27. Rxc4 dxc4 28. Rxd7 bxa3 29. bxa3 Qxa3+ 30. Kd2 Qb4+ 31. Qc3 Qxc3+ 32. Kxc3 a3 33. Rd1 Ra4 34. Nd4 c5 35. Nc2 h5 36. Ra1 a2 37. Kb2 Kh7 38. Rxa2 Rxa2+ 39. Kxa2 Kh6 40. e4 Kg5 41. f3 Kf6 42. Kb2 Ke5 43. Kc3 Kd6 44. Kxc4 Kc6 45. e5 g5 46. Ne3 h4 47. gxh4 gxh4 48. e6 Kd6 49. Nf5+ Kxe6 50. Nxh4 Ke5 51. Kxc5 Kf4 52. Kd4 Kg3 53. Ke5 Kxh4 54. f4 Kh5 55. Ke6 Kg6 56. Ke7 Kf5 57. Kd6 Kxf4 1/2-1/2